Score 0/24 Timer 06:00
0 Plays Today
Question Answer Wrong Answers
Which mathematical operation sign placed immediately in front of a number, indicates a negative number? -
93.5%
+
0.4%
x
0.4%
÷
0.2%
Which mathematical operation is denoted by the symbols ·, x and *? Multiplication
93%
Addition
0.5%
Subtraction
0.4%
Division
0.7%
Which mathematical operation is denoted by ÷, / or )‾‾‾‾‾‾‾‾ Division
92.9%
Addition
0.6%
Subtraction
0.7%
Multiplication
0.7%
Which mathematical operation answer is called a sum? Addition
92.2%
Subtraction
0.7%
Multiplication
1.4%
Division
0.4%
Which mathematical operation is often called repeated addition? Multiplication
91.3%
Addition
1.7%
Subtraction
0.6%
Division
0.8%
Genesis 1:28:
'And God blessed them. And God said to them, “Be fruitful and ___ and fill the earth.'
Multiply
88.8%
Add
2.5%
Subtract
0.5%
Divide
2.5%
Continental ____
Geographical term for separation between watersheds
Divide
88.6%
Addition
1%
Subtraction
4%
Multiplication
0.8%
Which mathematical operation answer is called a difference? Subtraction
88.4%
Addition
0.4%
Multiplication
0.5%
Division
5.2%
Which mathematical operation is often called repeated subtraction? Division
87.6%
Addition
2.5%
Subtraction
3.3%
Multiplication
1.2%
Addition by ____?
Phrase indicating that getting rid of something can lead to improvements.
Subtraction
87.5%
Addition
1.5%
Multiplication
2.9%
Division
2.5%
_____ and Conquer (lat. _____ et impera)
a strategy to gain or maintain power, coined by Philip II Macedon
Divide
85.7%
Add
2.5%
Subtract
2.8%
Multiply
3.4%
Which mathematical operation answer is called a product? Multiplication
83.6%
Addition
6.2%
Subtraction
1.3%
Division
3.5%
___ Machine
A class of mechanical calculator, usually specialized for bookkeeping calculations
Adding
83.5%
Subtracting
2.3%
Multiplying
6.7%
Division
1.8%
___
Statistic in the National Hockey League that keeps track of players who are on the ice when goals are scored by or against their team.
+/-
81.9%
+/x
7.8%
-/÷
2%
x/÷
2.3%
Which mathematical operation answer is called a quotient? Division
81.7%
Addition
2%
Subtraction
1.9%
Multiplication
9.1%
The ____ Effect
Fiscal term that indicates how money spent can potentially ripple throughout the economy
Multiplier
81.5%
Adder
4.7%
Subtractor
3.6%
Divider
4.4%
___
Any of several groups of venomous snakes of the family Viperidae
Adders
81.3%
Subtractors
6%
Multipliers
3.6%
Dividers
3.2%
Joy ____
Post-punk rock band formed in 1976 England
Division
74.9%
Addition
11.7%
Subtraction
4%
Multiplication
3.6%
Which mathematical operation sign is called an obelus? ÷
72.3%
+
6.9%
-
6.8%
x
8.2%
Cell ____
Scientific term that describes the process when biological cells multiply
Division
69.6%
Addition
1.1%
Subtraction
0.6%
Multiplication
23.4%
Which mathematical operation is used when variables and/or pronumerals are juxtaposed together with numbers? Multiplication
66.7%
Addition
10.6%
Subtraction
4%
Division
12.9%
The Lattice Method
Also known as the Italian, Chinese or Sieve method, is an alternative way to learn which mathematical operation?
Multiplication
51.9%
Addition
12%
Subtraction
6.7%
Division
23.6%
2011 debut album by English rocker Ed Sheeran +
39.9%
-
4%
x
32.1%
÷
18.3%
Which mathematical operation's sign is used to denote a move that puts the opponent into check in the game of Chess? +
31.4%
-
6.6%
x
53.7%
÷
2.6%
Remove Ads.
Support Sporcle.
Get the best of Sporcle when you Go Orange. This ad-free experience offers more features, more stats, and more fun while also helping to support Sporcle. Thank you for becoming a member.

You're not logged in!

Compare scores with friends on all Sporcle quizzes.
OR
Log In

Show Comments

Extras

Top Quizzes Today


Score Distribution

Your Account Isn't Verified!

In order to create a playlist on Sporcle, you need to verify the email address you used during registration. Go to your Sporcle Settings to finish the process.

Report this User

Report this user for behavior that violates our Community Guidelines.

Details: